000 00298nam a22001337a 4500
008 170927b xxu||||| |||| 00| 0 eng d
020 _a9780826132734
041 _aeng
080 _23RD
_a37
100 _a47
101 _aEDU
245 _aSUCCESSFUL GRANT WRITING
_cGITLIN,L.N
942 _2udc
_cBK
999 _c30209
_d30209